Biblioteca

La libertad religiosa a través de la historia (Registro nro. 69506)

Detalles MARC
000 -LÍDER
Campo fijo de descripción fija 01246nab a2200217 i 4500
001 - NÚMERO DE CONTROL
Campo de control 768714001
003 - IDENTIFICADOR DEL NÚMERO DE CONTROL
Campo de control CO-MdFUSB
005 - FECHA Y HORA DE LA ULTIMA TRANSACCIÓN
control field 20240506121141.0
008 - ELEMENTOS DE LONGITUD FIJA -- INFORMACIÓN GENERAL
Campo fijo de descripción fija -- Información general 240503t1966 sp ||||| |||| 00| 0 spa d
040 ## - FUENTE DE CATALOGACIÓN
Idioma de catalogación spa
Agencia que realiza la transcripción CO-MdFUSB
Agencia que realiza la modificación CO-MdFUSB
041 ## - CÓDIGO DE IDIOMA
Código de idioma para texto/pista de sonido o título separado spa
100 ## - ASIENTO PRINCIPAL--NOMBRE PERSONAL
Nombre personal Lecler, Joseph,
Término relacionador autor
245 #3 - TÍTULO
Título La libertad religiosa a través de la historia
Mención de responsabilidad / Joseph Lecler
520 ## - NOTA DE RESUMEN, ETC.
Nota de sumario, etc. La Declaración Conciliar sobre la libertad religiosa afirma expresamente que tal doctrina tiene sus fuentes en la revelación divina. Esta declaración trata sobre la revelación que Cristo nos envió y fue encargada por los apóstoles como su mensaje para el mundo. Los delitos religiosos, como la conversión a un culto desde tierras no veneradas, pueden castigarse debido a la estrecha relación entre la religión y las estructuras políticas. con las mismas penas que para las infracciones civiles.
650 #7 - ASIENTO SECUNDARIO DE MATERIA - TERMINO TEMÁTICO
Término temático o nombre geográfico como elemento de entrada Libertad religiosa
9 (RLIN) 287
650 #7 - ASIENTO SECUNDARIO DE MATERIA - TERMINO TEMÁTICO
Término temático o nombre geográfico como elemento de entrada Religión
9 (RLIN) 385
653 ## - TÉRMINO DE INDIZACIÓN - NO CONTROLADO
Término no controlado Derecho canónico
773 0# - ASIENTO DE ITEM FUENTE
Biblionumber 49450
Itemnumber 82576
Otro identificador del ítem R2508
Título Revista internacional de teología Concilium
Número de control del registro (CO-MdFUSB)8
Número Internacional Normalizado para Publicaciones Seriadas (ISSN) 0210-1041
Parte(s) relacionada(s) / Volumen., número. (mes año), páginas Número 18, (septiembre - octubre, 1966), páginas: 5 - 22
Enumeración y primera página página: 5
942 ## - TIPO DE MATERIAL (KOHA)
Tipo de Item KOHA Artículos de Revista
945 ## - INFORMACIÓN LOCAL DEL REGISTRO
Catalogador Catherine Arias Álvarez practicante SENA

No hay ítems disponibles.

Biblioteca FUSBC | Teléfono: (57+4) 349 88 10 Ext. 141| WhatsApp (+57) 3005338115 
E-mail: biblioteca@unisbc.edu.co | Calle 76 87-14 Robledo Palenque, Medellín, Colombia

Con tecnología Koha